000
00305nam a22001337a 4500
008
170425b xxu||||| |||| 00| 0 eng d
020
_a
9780073048048
041
_a
eng
080
_a
54
100
_a
12
101
_a
SHM
245
_a
CHEMISTRY STUDENT SOLUTIONS MANUAL
_c
CHANG,R
942
_2
udc
_c
BK
999
_c
11864
_d
11864